| 000 | 00692nam a2200241 a 4500 | ||
|---|---|---|---|
| 001 | 43264 | ||
| 003 | BD-RjUL | ||
| 005 | 20211209053655.0 | ||
| 008 | 160620r19631960enk 001 0 eng d | ||
| 035 | _a(BD-RjUL)43382 | ||
| 040 |
_aUKM _cUKM _dBD-RjUL _beng |
||
| 041 | _aeng | ||
| 082 | 0 | 4 |
_a382 _223 _bSLM 1963 |
| 100 | 1 |
_aSladen, Edward. _9132897 |
|
| 245 | 1 | 0 |
_aModern commerce : _ba course in commerce for advanced students / _cEdward Sladen |
| 250 | _a6th ed. | ||
| 260 |
_aLondon : _bPitman, _c1960 [Reprinted 1963] |
||
| 300 |
_a325 p. : _bill. ; _c20 cm. |
||
| 500 | _aPrevious ed. (B58-11175) 1958. | ||
| 500 | _aIncludes index | ||
| 650 |
_aCommerce _9133260 |
||
| 942 |
_2ddc _cBK |
||
| 999 |
_c43264 _d43264 |
||